000
00252nam a2200097Ia 4500
008
220204s9999 xx 000 0 und d
082
_a
658.5
_b
IMP
245
0
_a
Assessing projects a programme for learning
260
_a
London
_b
Methuen
_c
1968
942
_c
BK
999
_c
25529
_d
25529